El niño, el teatro y la escuela / (Record no. 51924)

MARC details
000 -LEADER
campo de control de longitud fija 00546nam a2200181 i 4500
001 - NÚMERO DE CONTROL
campo de control 51924
003 - IDENTIFICADOR DE NÚMERO DE CONTROL
campo de control ES-MaACL
005 - FECHA Y HORA DE LA ÚLTIMA TRANSACCIÓN
campo de control 20230906162455.0
007 - CAMPO FIJO DE DESCRIPCIÓN FÍSICA--INFORMACIÓN GENERAL
campo de control de longitud fija t|
008 - DATOS DE LONGITUD FIJA--INFORMACIÓN GENERAL
campo de control de longitud fija 030821s1978 sp ||||1| spa d
100 1# - ENTRADA PRINCIPAL--NOMBRE DE PERSONA
Nombre de persona Dasté, Catherine.
9 (RLIN) 42784
245 13 - MENCIÓN DEL TÍTULO
Título El niño, el teatro y la escuela /
Mención de responsabilidad, etc. C. Dasté, Y. Jenger, J. Voluzan ; [traducción, Carmen Hierro].
260 ## - PUBLICACIÓN, DISTRIBUCIÓN, ETC.
Lugar de publicación, distribución, etc. [Madrid] :
Nombre del editor, distribuidor, etc. Villalar,
Fecha de publicación, distribución, etc. [1978]
300 ## - DESCRIPCIÓN FÍSICA
Extensión 164 p. ;
Dimensiones 19 cm.
700 1# - ENTRADA AGREGADA--NOMBRE PERSONAL
Nombre de persona Jenger, Y.
9 (RLIN) 66290
700 1# - ENTRADA AGREGADA--NOMBRE PERSONAL
Nombre de persona Voluzan, J.
9 (RLIN) 115728
852 ## - LOCALIZACIÓN
Ubicación ES-MaACL
Número de control de estantería A-8725
Sublocalización o colección R.97615
Holdings
Estatus retirado Estado de pérdida Estado de daño No para préstamo Biblioteca de origen Biblioteca actual Ubicación en estantería Fecha de adquisición Fuente de adquisición Total de préstamos Signatura topográfica completa Código de barras Visto por última vez Precio de reemplazo Tipo de ítem Koha
        Biblioteca del Ateneo de Madrid Biblioteca del Ateneo de Madrid Depósito 1 17/01/2008     A-8725 1054594 23/02/2023 23/02/2023 Libro impreso